000 00540nam a2200169 i 4500
001 89415
003 ES-MaACL
005 20230906180151.0
007 t|
008 050110s1973 sp ||||1| spa d
100 1 _aLaplane, Dominique.
_970163
245 1 0 _aDiagnóstico de las lesiones nerviosas periféricas /
_cDominique Laplane ; [traducción, A. Jornet Cases].
260 _a[Barcelona] :
_bElicien,
_c[1973]
300 _aVIII, 163 p. :
_bil. ;
_c25 cm.
700 1 _aJornet Cases, A.
_966960
852 _aES-MaACL
_jC-55418
_bR.88017
999 _c89415
_d89415